00366nam a22001577a 4500003000500000020001800005038001200023082001300035100002100048245004300069250001200112260004100124300002100165500001500186563000700201NUST a9788120306639 akhadija a671bLIN aLindberg, Roy A. aProcesses and Materials of Manufacture a4th ed. aNew Delhi : bPHI Learning, c2009. a864 p. ;b24 cm. aPaperback. aPB